La Gambie pour les touristes... - Facile - Statistiques

Statistiques générales
  • Ce quiz a été pris 4 fois
  • Le résultat moyen est 12 sur 20
Statistiques - réponses
Question Indice Réponses Indice facile % Correct
Dans la capitale quel est le décalage horaire avec Paris ? (+ ou - et chiffre) ex - 10 ou + 3,5 - 2
100%
Quelle est la langue officielle ? Anglais
100%
Achats à faire 3/ Jeu d' Echecs SECHEC
100%
La religion majoritaire est Islam I
100%
Ce pays est plus grand que la France (oui/non) Non
100%
Le principal aéroport est B Banjul
75%
Quelles sont les principaux lieux touristiques ? B Banjul ALUNBJ
75%
Quelles sont les principaux lieux touristiques ? O Côte {ouest} OUSTE
75%
Quelles sont les principaux lieux touristiques ? G Fleuve {Gambie} BIMAGE
75%
Quel pays a accordé son indépendance à celui-ci ? Royaume-Uni
75%
Quelle est la monnaie ? Dalasi D
50%
Le suffixe internet est gm
50%
Quelles sont les principaux lieux touristiques ? B Port de {Bakau} BUAAK
50%
Quel est le régime du pays ? R République
50%
Achats à faire 2/ Peintures naïves Batik KITBA
25%
Achats à faire 1/ Sculpture en bois de Brikama BAIRAMK
25%
Quel est le climat local ? E Equatorial
25%
Quelles sont les principaux lieux touristiques ? B {Bijilo} Forest park BOLIIJ
0%
Quelles sont les principaux lieux touristiques ? JJB Ville de {Jan Jan Bureth} HAUBANERJJNT
0%
Code sur les plaques minéralogiques WAG
0%
Aucun quiz correspondant
Distribution des résultats
% des personnes avec chaque résultat
Percentile par nombre de réponses
Votre historique - résultats
Vous n’avez pas pris ce quiz